00674nam a22002057b 4500003000500000005001700005008004100022020002300063040001400086041000600100082001800106100001900124245005300143250001900196260003600215300004500251490006200296500005100358650005900409322820250221095619.0250221b sa ||||| |||| 00| 0 AFR d a9780620445368qpbk aRDAc3228 2A aA 155.24 GREE aGreeff, Annie  aVeerkragtigheid : gebou om te hou!cAnnie Greeff aEerste uitgawe aTygervallei :b Naledi, c2009. axix, 75 pages :billustrations; c22 cm. a Veerkragtigheidsreeks Greeff, Annie. Resilience series. a Uniform title: Personal resilience. Afrikaans aResilience (Personality trait); Longevity; Life skills